[Event "London Classic op 8th"]
[Site "London"]
[Date "2016.12.16"]
[Round "9"]
[White "Mirzoyan, David"]
[Black "Cherniaev, Alexander"]
[Result "0-1"]
[WhiteElo "2299"]
[BlackElo "2439"]
[PlyCount "80"]
[EventDate "2016.12.09"]
[EventType "swiss"]
[EventRounds "9"]
[EventCountry "ENG"]
[SourceTitle "CBM 176 Extra"]
[Source "ChessBase"]
[SourceDate "2017.03.02"]
[SourceVersion "1"]
[SourceVersionDate "2017.03.02"]
[SourceQuality "1"]

1. d4 g6 2. c4 Bg7 3. Nc3 d6 4. e4 e5 5. Nge2 Nd7 6. Be3 Ngf6 7. f3 h5 8. Qd2 c6 9. 0-0-0 Qc7 10. Kb1 a6 11. Nc1 b6 12. Nb3 Bb7 13. a4 0-0 14. dxe5 dxe5 15. c5 b5 16. Qd6 Qc8 17. Na5 Re8 18. b4 Nf8 19. Qd2 Ne6 20. Bd3 Rd8 21. Ne2 Qc7 22. Qa2 Nd7 23. Nxb7 Qxb7 24. a5 Nf4 25. Nxf4 exf4 26. Bxf4 Ne5 27. Bc2 Qe7 28. Bb3 g5 29. Bxe5 Bxe5 30. Qc2 Qf6 31. Ka2 h4 32. h3 Kf8 33. Rxd8+ Rxd8 34. Rd1 Rxd1 35. Qxd1 Ke7 36. Qd3 Qf4 37. Kb1 Qh2 38. Qd2 Qg1+ 39. Kc2 Bf4 40. Qe2 Qd4 0-1

[Event "London Classic op 8th"]
[Site "London"]
[Date "2016.12.09"]
[Round "1"]
[White "Mirzoyan, David"]
[Black "Wilks, Simon"]
[Result "1-0"]
[WhiteElo "2299"]
[BlackElo "1935"]
[PlyCount "105"]
[EventDate "2016.12.09"]
[EventType "swiss"]
[EventRounds "9"]
[EventCountry "ENG"]
[SourceTitle "CBM 176 Extra"]
[Source "ChessBase"]
[SourceDate "2017.03.02"]
[SourceVersion "1"]
[SourceVersionDate "2017.03.02"]
[SourceQuality "1"]

1. Nf3 d5 2. g3 Nf6 3. Bg2 Bf5 4. c4 c6 5. Qb3 Qb6 6. d3 Qxb3 7. axb3 e6 8. Nh4 Bg6 9. h3 Be7 10. Nd2 Nbd7 11. 0-0 0-0 12. f4 Nh5 13. Nxg6 hxg6 14. Kh2 Nhf6 15. Nf3 Rfd8 16. Be3 a6 17. Rfc1 Rac8 18. Rd1 Bd6 19. Bf2 e5 20. fxe5 Nxe5 21. cxd5 cxd5 22. Rac1 Nxf3+ 23. Bxf3 Be5 24. d4 Bd6 25. Be1 Re8 26. Kg2 Kf8 27. g4 Rxc1 28. Rxc1 Ne4 29. h4 f6 30. Rc2 Kf7 31. e3 Re7 32. Rc8 Rc7 33. Rxc7+ Bxc7 34. Be2 g5 35. h5 Ke6 36. Kf3 Bd8 37. Bf1 Be7 38. Bd3 Nd6 39. Bb4 b5 40. Bh7 Kf7 41. Bc5 Nc8 42. Bg6+ Kf8 43. Bf5 Nd6 44. Be6 Nf7 45. b4 Nd8 46. Bxd5 Ke8 47. Ke4 Nf7 48. Bxf7+ Kxf7 49. Bxe7 Kxe7 50. Kf5 Kf7 51. e4 Ke7 52. Kg6 Kf8 53. d5 1-0